The corporate elite and the transformation of finance capital: a view from Canada /
Na minha lista:
| Autor principal: | |
|---|---|
| Formato: | Texto |
| Tags: |
Adicionar Tag
Sem tags, seja o primeiro a adicionar uma tag!
|
MARC
| LEADER | 00000 a a2200000 04500 | ||
|---|---|---|---|
| 001 | 41995 | ||
| 003 | |||
| 040 | |||
| 100 | |a Carroll, William K. | ||
| 245 | |a The corporate elite and the transformation of finance capital: |b a view from Canada / |c William K. Carroll | ||
| 773 | |g páginas 44-63 | ||
| 999 | |c 25784 |d 25784 | ||
